000 01101cab a22002055a 4500
001 L138547
008 070620e20070615xxkd s 000 0 eng d
035 _a(Sirsi) u138547
041 0 _aeng
100 1 _aVasko, Miroslav
245 0 0 _aCountry focus
_bCzech Republic
260 _c2007
490 _aBuilding Magazine
_v15 June 2007
520 _aReports the current economic situation. Its impact on the property market and the construction industry are analysed. The economy experienced strong growth in 2005 and 2006, but consumer inflation has been low this year at just 2.6%. This is seen as a result of low wage inflation in the labour market. The property market is generally buoyant, with the residential sector experiencing the greatest construction boom since 1989. The construction industry continues to enjoy stable growth. Construction costs are rising, and there are substantial increases in material prices. Stable growth is predicted for the future.
590 _aKA
651 4 _aCzech Republic
690 _aPROPERTY-PROPERTY MARKET
700 1 _aCermak, Pavel
942 _n0
999 _c78907
_d78907